[Event "AUTO-OPEN-4528"]
[Site "http://www.queenalice.com/game.php?id=1837095"]
[Date "2024.5.19"]
[Round "1"]
[White "javs"]
[Black "Capixabba789"]
[Result "1-0"]
[WhiteElo "1500"]
[BlackElo "1943"]

1. c4 e5 2. Nc3 Nf6 3. Nf3 d6 4. g3 Be7 5. Bg2 Be6 6. O-O Bxc4 7. b3 Be6 8. Bb2
Nc6 9. Rc1 e4 10. Ng5 d5 11. Nxe6 fxe6 12. f3 d4 13. Nxe4 e5 14. Nxf6+ Bxf6 15.
f4 O-O 16. Bxc6 bxc6 17. fxe5 Bxe5 18. Rxf8+ Qxf8 19. Qf1 Qd6 20. Qg2 Rf8 21.
Qxc6 Qe7 22. Rf1 Bf6 23. Qd5+ Kh8 24. Bxd4 Rd8 25. Bxf6 gxf6 26. Qf5 Rxd2 27.
Qxf6+ Qxf6 28. Rxf6 Rxe2 29. Ra6 c5 30. Rxa7 1-0

[Event "AUTO-OPEN-4528"]
[Site "http://www.queenalice.com/game.php?id=1837118"]
[Date "2024.5.19"]
[Round "1"]
[White "javs"]
[Black "serrameira"]
[Result "0-1"]
[WhiteElo "1722"]
[BlackElo "1838"]

1. c4 g6 2. Nc3 Bg7 3. Nf3 Nf6 4. e4 d6 5. d4 Nbd7 6. Be3 e5 7. dxe5 dxe5 8. Be2
O-O 9. O-O c6 10. Qc2 a6 11. Rad1 Qc7 12. h3 b5 13. cxb5 cxb5 14. Rc1 b4 15. Nd5
Qa5 16. Ne7+ Kh8 17. Nxc8 Rfxc8 18. Qb3 Rxc1 19. Rxc1 Kg8 20. Nd2 Ne8 21. Bc4
Nd6 22. Bd5 Rf8 23. Nc4 Nxc4 24. Rxc4 Nb6 25. Qxb4 Nxc4 26. Qxc4 Qb5 27. a4 Qxc4
28. Bxc4 a5 29. Bb6 Ra8 30. Be3 Bf8 31. g3 Kg7 32. Kg2 f6 33. h4 Rc8 34. b3 Bc5
35. Bd2 Bb6 36. f4 Rd8 37. Bc3 Rd1 38. fxe5 fxe5 39. Bxe5+ Kf8 40. Bf4 Rg1+ 41.
Kf3 Kg7 42. Be5+ Kh6 43. Bf4+ Kg7 44. Be5+ Kf8 45. g4 h6 46. Bf4 Kg7 47. Be3
Bxe3 48. Kxe3 Rxg4 49. b4 Rg3+ 50. Kf4 Rc3 51. Bd5 axb4 52. a5 Ra3 53. Ke5 Rxa5
0-1

[Event "AUTO-OPEN-4528"]
[Site "http://www.queenalice.com/game.php?id=1837119"]
[Date "2024.5.19"]
[Round "1"]
[White "serrameira"]
[Black "javs"]
[Result "0-1"]
[WhiteElo "1838"]
[BlackElo "1618"]

1. e4 e6 2. d4 d5 3. Nc3 Nc6 4. Bb5 Bb4 5. Bxc6+ bxc6 6. exd5 Bxc3+ 7. bxc3 cxd5
8. Nf3 Ba6 9. Ng1 Nf6 10. Ne2 O-O 11. O-O Ne4 12. Re1 Bxe2 13. Qxe2 Nxc3 14. Qd3
Ne4 15. f3 Nd6 16. Ba3 Re8 17. Re5 Nc4 18. Bc5 Nxe5 19. dxe5 c6 20. f4 Qa5 21.
Bd6 c5 22. c4 dxc4 23. Qxc4 Qb4 24. Qxb4 cxb4 25. Bxb4 Rec8 26. a3 Rc2 27. h3
Rac8 28. Rb1 Rc1+ 29. Rxc1 Rxc1+ 30. Kf2 h5 31. Kg3 Kh7 32. Kh4 Kh6 33. Be7 Kg6
34. g4 hxg4 35. hxg4 f6 36. exf6 gxf6 37. f5+ exf5 38. gxf5+ Kxf5 39. Kg3 Re1
40. Bc5 a6 41. Kf2 Re5 42. Bd6 Ke6 43. Bb4 a5 44. Bf8 Kd5 45. Kf3 Kc4 46. Kf4 a4
47. Bg7 Re1 48. Bf8 Kb3 49. Kf3 Ra1 0-1

[Event "AUTO-ADV-4795"]
[Site "http://www.queenalice.com/game.php?id=1838960"]
[Date "2024.6.21"]
[Round "1"]
[White "javs"]
[Black "juim"]
[Result "1-0"]
[WhiteElo "1670"]
[BlackElo "1664"]

1. c4 d5 2. cxd5 Qxd5 3. Nc3 Qd8 4. e4 e5 5. Nf3 Bd6 6. d4 Bb4 7. Nxe5 Nf6 8.
Bd3 O-O 9. Be3 Nbd7 10. Nxd7 Bxd7 11. a3 Bxc3+ 12. bxc3 Bg4 13. f3 Bh5 14. Qb3
b6 15. O-O-O Nd7 16. g4 Bg6 17. h4 a5 18. h5 a4 19. Qb2 Ra5 20. hxg6 fxg6 21. f4
Nf6 22. g5 Nd7 23. Rh2 c5 24. Rdh1 h5 25. gxh6 Kf7 26. hxg7 Rg8 27. Rh8 Ra8 28.
Bc4+ Kxg7 29. Rxg8+ Qxg8 30. Bxg8 Rxg8 31. f5 Kf8 32. fxg6 Ke7 33. Rh7+ Kd8 34.
g7 Kc7 35. Qg2 Re8 36. g8=Q 1-0

[Event "AUTO-ADV-4795"]
[Site "http://www.queenalice.com/game.php?id=1838961"]
[Date "2024.6.21"]
[Round "1"]
[White "juim"]
[Black "javs"]
[Result "0-1"]
[WhiteElo "1637"]
[BlackElo "1672"]

1. e4 e5 2. d4 exd4 3. Qxd4 Nc6 4. Qd1 d6 5. Nc3 Nf6 6. Bg5 Be7 7. Qf3 O-O 8.
Bb5 Nd4 9. Qd3 Nxb5 10. Nxb5 Bd7 11. e5 dxe5 12. Be3 a6 13. Nc3 b5 14. O-O-O c5
15. Nf3 c4 16. Qe2 Bb4 17. Bd2 Qa5 18. Rde1 Bg4 19. Nb1 Bxd2+ 20. Qxd2 Qxd2+ 21.
Nbxd2 Bxf3 22. Nxf3 e4 23. Ne5 Rfe8 24. f4 Nd5 25. Re2 Nxf4 26. Rxe4 Nxg2 27.
Rg1 Nh4 28. Rge1 Nf5 29. c3 f6 30. Nc6 Rxe4 31. Rxe4 Kf7 32. Rf4 Ne7 33. Nd4 g5
34. Rf2 h5 35. Ne2 Kg6 36. Nd4 f5 37. Re2 Kf6 38. Re6+ Kf7 39. h4 g4 40. Rh6 g3
41. Rxh5 Rg8 42. Rh7+ Rg7 43. Rh5 g2 44. Nf3 g1=Q+ 45. Nxg1 Rxg1+ 46. Kd2 Rg2+
47. Kc1 f4 48. Re5 f3 49. Re1 f2 50. Rf1 Rg1 0-1

[Event "AUTO-ADV-4795"]
[Site "http://www.queenalice.com/game.php?id=1838962"]
[Date "2024.6.21"]
[Round "1"]
[White "javs"]
[Black "BobFicha"]
[Result "0-1"]
[WhiteElo "1681"]
[BlackElo "1988"]

1. c4 e5 2. Nc3 Nc6 3. Nf3 d6 4. g3 f5 5. d3 h6 6. Bg2 Nge7 7. O-O Be6 8. a3 d5
9. cxd5 Bxd5 10. Nxd5 Nxd5 11. e3 Bd6 12. Nxe5 Bxe5 13. Qh5+ Ke7 14. Qxf5 Qd7
15. Qxd7+ Kxd7 16. Bxd5 Nd8 17. f4 c6 18. fxe5 cxd5 19. Bd2 Rc8 20. Rac1 Rb8 21.
b4 b5 22. Rc5 Ke6 23. Rc7 Rb7 24. Rxb7 Nxb7 25. d4 Nd8 26. Rf4 Nf7 27. Rg4 g5
28. e4 h5 29. exd5+ Kxd5 30. Rxg5 Nxg5 31. Bxg5 Kxd4 32. e6 Re8 33. e7 Kc4 34.
h4 Kb3 35. Bc1 Rxe7 36. Kf2 Rc7 37. Be3 Kxa3 38. Bc5 a5 39. Bb6 Rc2+ 40. Kf3
axb4 41. g4 b3 42. Bd4 hxg4+ 43. Kxg4 b2 44. Bxb2+ Kxb2 0-1

[Event "AUTO-ADV-4795"]
[Site "http://www.queenalice.com/game.php?id=1838963"]
[Date "2024.6.21"]
[Round "1"]
[White "BobFicha"]
[Black "javs"]
[Result "1-0"]
[WhiteElo "1992"]
[BlackElo "1680"]

1. e4 e5 2. Nf3 Nf6 3. Nxe5 d6 4. Nf3 Nxe4 5. Qe2 Qe7 6. d3 Nf6 7. Qxe7+ Bxe7 8.
Nc3 O-O 9. Bg5 Re8 10. O-O-O Bg4 11. Be2 Nbd7 12. h3 Be6 13. d4 h6 14. Be3 a6
15. Bd3 d5 16. a3 b5 17. g4 b4 18. axb4 Bxb4 19. Bd2 a5 20. Nb5 Bxd2+ 21. Rxd2
Ne4 22. Re2 Rac8 23. Bxe4 dxe4 24. Nd2 Bd5 25. Rhe1 Nf6 26. Nc3 c6 27. Ndxe4
Nxe4 28. Nxe4 Bxe4 29. Rxe4 Rxe4 30. Rxe4 g5 31. Re7 Rd8 32. c3 Ra8 33. Re4 Kg7
34. Re7 Kg6 35. Rc7 Ra6 36. Kc2 f5 37. Rd7 f4 38. Rd6+ Kg7 39. Kd3 Rb6 40. d5
Rxb2 41. dxc6 Rb6 42. Rd7+ Kf6 43. c7 Rc6 44. Kc2 Ke6 45. Rh7 Kd6 46. Rxh6+ Kxc7
47. Rh5 Rg6 48. Kb3 Kc6 49. h4 gxh4 50. Rxh4 Rg5 51. f3 Kb5 52. Rh5 1-0

[Event "AUTO-ADV-4795"]
[Site "http://www.queenalice.com/game.php?id=1838964"]
[Date "2024.6.21"]
[Round "1"]
[White "javs"]
[Black "Shizumaru_Hisame"]
[Result "1/2-1/2"]
[WhiteElo "1703"]
[BlackElo "1797"]

1. c4 d5 2. cxd5 Qxd5 3. Nc3 Qd8 4. e4 e5 5. Nf3 Nf6 6. d4 exd4 7. Qxd4 Qxd4 8.
Nxd4 Bb4 9. Bd3 Bxc3+ 10. bxc3 Bd7 11. Ba3 Nc6 12. O-O O-O-O 13. Rfe1 g6 14.
Nxc6 Bxc6 15. Bc2 Nh5 16. Rad1 Ng7 17. f3 f5 18. exf5 Nxf5 19. Bxf5+ gxf5 20.
Be7 Rde8 21. Bb4 h5 22. Kf2 h4 23. Rxe8+ Rxe8 24. Rd4 Rh8 25. h3 Bd7 26. Be7 Be6
27. Bxh4 Bxa2 28. Bg5 a6 29. h4 b5 30. Be7 Kb7 31. g4 fxg4 32. fxg4 Bf7 33. Rf4
Be8 34. Kg3 Kc8 35. c4 Kb7 36. cxb5 axb5 37. Bb4 1/2-1/2

[Event "AUTO-ADV-4795"]
[Site "http://www.queenalice.com/game.php?id=1838965"]
[Date "2024.6.21"]
[Round "1"]
[White "Shizumaru_Hisame"]
[Black "javs"]
[Result "1-0"]
[WhiteElo "1784"]
[BlackElo "1713"]

1. e4 e5 2. Bc4 Nf6 3. d3 Nc6 4. f4 exf4 5. Bxf4 d6 6. Bd2 Be7 7. Bc3 O-O 8. Nd2
Ne5 9. Bb3 a5 10. a3 b5 11. Ndf3 Bg4 12. Qd2 b4 13. axb4 axb4 14. Rxa8 Qxa8 15.
Bxb4 Qa1+ 16. Kf2 Nxf3 17. gxf3 Bd7 18. Ba3 Re8 19. Kg2 Nxe4 20. fxe4 1-0

[Event "AUTO-OPEN-4528"]
[Site "http://www.queenalice.com/game.php?id=1841820"]
[Date "2024.8.13"]
[Round "2"]
[White "Pin"]
[Black "javs"]
[Result "1-0"]
[WhiteElo "2152"]
[BlackElo "1710"]

1. e4 e6 2. d4 d5 3. Nc3 Bb4 4. e5 b6 5. a3 Bf8 6. Nf3 Qd7 7. Bd3 Ba6 8. O-O
Bxd3 9. Qxd3 c5 10. Bf4 Nc6 11. Nb5 cxd4 12. Nbxd4 Nxd4 13. Nxd4 Ne7 14. Rfd1
Nc6 15. Rac1 Nxd4 16. Qxd4 Bc5 17. Qd3 a5 18. c4 Rd8 19. cxd5 Qxd5 20. Qb5+ 1-0

[Event "AUTO-OPEN-4528"]
[Site "http://www.queenalice.com/game.php?id=1841821"]
[Date "2024.8.13"]
[Round "2"]
[White "javs"]
[Black "Pin"]
[Result "1/2-1/2"]
[WhiteElo "1710"]
[BlackElo "2132"]

1. c4 Nf6 2. Nf3 g6 3. Nc3 Bg7 4. e4 d6 5. d4 O-O 6. Be3 Na6 7. Be2 c5 8. d5 Ng4
9. Bd2 Nc7 10. O-O Ne5 11. Qc1 e6 12. Bh6 Ne8 13. Bxg7 Nxf3+ 14. Bxf3 Kxg7 15.
Re1 Nf6 16. dxe6 fxe6 17. e5 Ne8 18. exd6 Nxd6 19. Ne4 Nxe4 20. Bxe4 Qf6 21. f3
Rb8 22. Re3 Qd4 23. b3 Qf6 24. Qc3 Qxc3 25. Rxc3 b6 26. Rd3 Rf7 27. Rad1 Bb7 28.
Rd7 Bxe4 29. Rxf7+ Kxf7 30. fxe4 Rb7 31. e5 Ke7 32. Kf2 h6 33. g3 Rd7 34. Rxd7+
Kxd7 35. Ke3 Kc6 36. Kd3 a6 37. a4 b5 38. a5 b4 39. Ke3 Kd7 40. Ke4 1/2-1/2

[Event "AUTO-OPEN-4528"]
[Site "http://www.queenalice.com/game.php?id=1841828"]
[Date "2024.8.13"]
[Round "2"]
[White "alvm"]
[Black "javs"]
[Result "1-0"]
[WhiteElo "1920"]
[BlackElo "1755"]

1. d4 Nf6 2. c4 e6 3. Nf3 d5 4. Bg5 Be7 5. e3 h6 6. Bxf6 Bxf6 7. cxd5 exd5 8.
Bd3 O-O 9. O-O c6 10. Nc3 Bg4 11. h3 Be6 12. e4 dxe4 13. Bxe4 Na6 14. Rc1 Qe7
15. Qe2 Rfd8 16. Rfd1 Nc7 17. Bb1 Nd5 18. Qd3 g6 19. Ne5 Bxe5 20. dxe5 Bf5 21.
Qg3 Bxb1 22. Nxd5 Rxd5 23. Rxd5 cxd5 24. Rxb1 Rc8 25. h4 Qc5 26. h5 Kg7 27. hxg6
fxg6 28. Qf4 Rf8 29. Qg3 Qc2 30. Re1 Qxb2 31. e6 Re8 32. Qc7+ Kf6 33. Qf7+ 1-0

[Event "AUTO-OPEN-4528"]
[Site "http://www.queenalice.com/game.php?id=1841829"]
[Date "2024.8.13"]
[Round "2"]
[White "javs"]
[Black "alvm"]
[Result "0-1"]
[WhiteElo "1760"]
[BlackElo "1995"]

1. c4 Nf6 2. Nf3 g6 3. Nc3 Bg7 4. e4 d6 5. d4 O-O 6. Be3 Bg4 7. Be2 Nbd7 8. O-O
e5 9. dxe5 dxe5 10. Qc2 Qe7 11. h3 Bxf3 12. Bxf3 c6 13. a3 Rfd8 14. Rfd1 Nf8 15.
b4 Ne6 16. Rxd8+ Rxd8 17. b5 cxb5 18. cxb5 Nd4 19. Bxd4 exd4 20. Na2 d3 21. Qa4
d2 22. Rd1 Qe6 23. Nc3 Qe5 24. Qc2 Rc8 25. Qxd2 Rxc3 26. Rc1 Rxc1+ 27. Qxc1 Nxe4
28. Qc8+ Bf8 29. Qxb7 Nd2 30. Bd5 Qe1+ 31. Kh2 Bd6+ 32. g3 Qxf2+ 33. Bg2 Bxg3+
34. Kh1 Qe1+ 0-1

[Event "AUTO-OPEN-4528"]
[Site "http://www.queenalice.com/game.php?id=1841832"]
[Date "2024.8.13"]
[Round "2"]
[White "mestreRJ"]
[Black "javs"]
[Result "1-0"]
[WhiteElo "2721"]
[BlackElo "1710"]

1. e4 e6 2. d4 d5 3. e5 c5 4. c3 Ne7 5. Nf3 Nec6 6. Bd3 b6 7. Qe2 a5 8. a4 Ba6
9. Bb5 Be7 10. h4 O-O 11. Kf1 cxd4 12. cxd4 Bxb5 13. axb5 Na7 14. h5 Bb4 15. Na3
Bxa3 16. bxa3 h6 17. a4 Nc8 18. g4 Nd7 19. g5 Ne7 20. gxh6 gxh6 21. Bxh6 Re8 22.
Rg1+ Kh8 23. Bg7+ Kg8 24. Bf6+ Kh7 25. Qd3+ 1-0

[Event "AUTO-OPEN-4528"]
[Site "http://www.queenalice.com/game.php?id=1841833"]
[Date "2024.8.13"]
[Round "2"]
[White "javs"]
[Black "mestreRJ"]
[Result "0-1"]
[WhiteElo "1710"]
[BlackElo "2720"]

1. c4 Nf6 2. Nf3 e6 3. Nc3 d5 4. cxd5 exd5 5. d4 c6 6. e3 Bd6 7. Be2 O-O 8. O-O
Re8 9. Qc2 Bg4 10. Rb1 Nbd7 11. b4 Ne4 12. Nxe4 dxe4 13. Ne1 Nf6 14. f3 Bf5 15.
a4 exf3 16. Qxf5 fxe2 17. Rf2 Qc7 18. Qh3 Ne4 19. Rxe2 Nc3 0-1

[Event "Challenge"]
[Site "http://www.queenalice.com/game.php?id=1842717"]
[Date "2024.8.29"]
[Round "-"]
[White "javs"]
[Black "fbg"]
[Result "1-0"]
[WhiteElo "1736"]
[BlackElo "1700"]

1. c4 c5 2. Nf3 h6 3. Nc3 a6 4. e3 Nc6 5. d4 cxd4 6. exd4 e6 7. Bd3 Bb4 8. Qc2
Nf6 9. a3 Bxc3+ 10. bxc3 d5 11. c5 Qe7 12. O-O Qc7 13. Re1 Bd7 14. Nd2 O-O-O 15.
Rb1 Ng4 16. g3 Rhe8 17. Qb2 e5 18. dxe5 Ngxe5 19. Bf1 Bf5 20. Ra1 Kd7 21. Qb3
Nd3 22. Qxd5+ Kc8 23. Qxf5+ Qd7 24. Qxd7+ Kxd7 25. Rxe8 Kxe8 26. Nc4 Nxc5 27.
Be3 Ne4 28. Bg2 Nxc3 29. Bxc6+ bxc6 30. Re1 Kf8 31. Bc5+ Kg8 32. Na5 Rc8 33. Re3
Na4 34. Bd4 c5 35. Bc3 Nxc3 36. Rxc3 f5 37. h4 g6 38. Nb7 c4 39. Nd6 Rc7 40.
Rxc4 Rd7 41. Rc8+ Kg7 42. Rc6 a5 43. Ra6 a4 44. Nc4 Rd4 45. Nb2 f4 46. Rxa4 Rd5
47. Rxf4 h5 48. a4 Ra5 49. Rb4 Rd5 50. Kg2 Rc5 51. Rb5 Rc2 52. Nd3 Rd2 53. Nf4
Ra2 54. a5 Kh6 55. Ne6 Ra3 56. Nc5 g5 57. hxg5+ Kxg5 58. a6 1-0

[Event "Challenge"]
[Site "http://www.queenalice.com/game.php?id=1844500"]
[Date "2024.9.29"]
[Round "-"]
[White "Mr_SPOCK"]
[Black "javs"]
[Result "0-1"]
[WhiteElo "1770"]
[BlackElo "1710"]

1. e4 c5 2. e5 Nc6 3. Nf3 e6 4. d4 cxd4 5. Nxd4 Qa5+ 6. Nc3 Qxe5+ 7. Nde2 Bb4 8.
Bd2 Nf6 9. f4 Qc7 10. Ng3 Bxc3 11. bxc3 d5 12. Bb5 a6 13. Ba4 Bd7 14. Qe2 b5 15.
Bb3 O-O 16. h4 Rac8 17. a4 Na5 18. O-O Nc4 19. a5 Nxd2 20. Qxd2 Qxc3 21. Qf2 Ng4
22. Ne2 Nxf2 23. Nxc3 Nh3+ 24. gxh3 Rxc3 25. Kg2 Bc6 26. Kh2 d4 27. Ra3 Rd8 28.
f5 Bd5 29. f6 Bxb3 30. Rxb3 Rxc2+ 31. Kg3 Rdc8 32. Rbf3 R8c3 33. Kf4 b4 34. Rg1
Rxf3+ 35. Kxf3 g6 36. h5 b3 37. hxg6 fxg6 38. Ke4 b2 39. Rb1 e5 40. Kxe5 d3 41.
Ke6 Kf8 42. h4 d2 43. h5 g5 44. h6 d1=Q 45. Rxd1 Rc6+ 46. Kf5 Ke8 47. Kxg5 Rc1
48. Rd6 b1=Q 49. f7+ Kxf7 50. Rxa6 Qb5+ 51. Kf4 Qxa6 52. Ke4 Qxa5 53. Kd3 Qc3+
54. Ke4 Re1+ 55. Kf5 Qf3+ 56. Kg5 Rg1+ 57. Kh4 Qh1# 0-1

[Event "Challenge"]
[Site "http://www.queenalice.com/game.php?id=1844929"]
[Date "2024.10.8"]
[Round "-"]
[White "fbg"]
[Black "javs"]
[Result "0-1"]
[WhiteElo "1700"]
[BlackElo "1743"]

1. e4 c5 2. c4 d6 3. Be2 Nc6 4. h3 Nf6 5. Nc3 e6 6. Nf3 Be7 7. a3 O-O 8. d4 cxd4
9. Nxd4 Bd7 10. Nxc6 Bxc6 11. Bf3 a6 12. O-O Nd7 13. Be3 Qc7 14. b4 Ne5 15. c5
Nxf3+ 16. Qxf3 dxc5 17. bxc5 Rad8 18. Bf4 Qa5 19. Bd6 Bxd6 20. cxd6 Rxd6 21.
Rfe1 f5 22. g3 fxe4 23. Qe3 Rf3 24. Qe2 Qxc3 25. Kg2 Rd2 26. Qf1 Rxg3+ 27. Kh1
Qf3+ 0-1

[Event "Challenge"]
[Site "http://www.queenalice.com/game.php?id=1854661"]
[Date "2025.3.27"]
[Round "-"]
[White "EdsonEstevam"]
[Black "javs"]
[Result "1-0"]
[WhiteElo "1692"]
[BlackElo "1753"]

1. e4 e6 2. d4 d5 3. e5 c5 4. c3 Qb6 5. Nf3 Nc6 6. Na3 cxd4 7. cxd4 Bb4+ 8. Bd2
Bxd2+ 9. Qxd2 Nge7 10. Be2 O-O 11. O-O Nf5 12. Rfd1 Bd7 13. b3 a6 14. Nc2 Rac8
15. Bd3 Qd8 16. a3 b5 17. b4 f6 18. Ne3 Nxe3 19. Qxe3 Ne7 20. Rac1 Rxc1 21. Rxc1
Be8 22. Nh4 Ng6 23. Bxg6 Bxg6 24. Rc6 a5 25. Rxe6 fxe5 26. Rxe5 Re8 27. Nxg6
Rxe5 28. Nxe5 axb4 29. axb4 Qd6 30. Nd3 1-0

[Event "Challenge"]
[Site "http://www.queenalice.com/game.php?id=1854781"]
[Date "2025.3.31"]
[Round "-"]
[White "javs"]
[Black "StepPhil"]
[Result "0-1"]
[WhiteElo "1732"]
[BlackElo "1856"]

1. c4 Nf6 2. Nf3 g6 3. Nc3 Bg7 4. d4 c6 5. e4 d6 6. Bd3 c5 7. d5 Bg4 8. O-O Nbd7
9. h3 Bxf3 10. Qxf3 Ne5 11. Qe2 Qc8 12. Bc2 h5 13. Ba4+ Nfd7 14. f4 Nxc4 15.
Qxc4 a6 16. Bc2 b5 17. Qe2 e5 18. dxe6 fxe6 19. Qe3 Bd4 0-1

[Event "Challenge"]
[Site "http://www.queenalice.com/game.php?id=1855730"]
[Date "2025.4.17"]
[Round "-"]
[White "EdsonEstevam"]
[Black "javs"]
[Result "1-0"]
[WhiteElo "1757"]
[BlackElo "1706"]

1. e4 e5 2. Nf3 Nf6 3. Nc3 Bb4 4. Nxe5 O-O 5. Nd5 Nxd5 6. exd5 Qe7 7. Qe2 Re8 8.
c3 d6 9. d4 dxe5 10. cxb4 exd4 11. Bf4 Qxe2+ 12. Bxe2 Bg4 13. f3 Bf5 14. Rd1 Na6
15. Rxd4 Rad8 16. Kf2 Re7 17. Bxa6 bxa6 18. Re1 Rxe1 19. Kxe1 Rd7 20. Rd2 h6 21.
Be3 Bb1 22. a3 Ba2 23. Bxa7 Rxd5 24. Rc2 1-0

[Event "Challenge"]
[Site "http://www.queenalice.com/game.php?id=1855731"]
[Date "2025.4.17"]
[Round "-"]
[White "javs"]
[Black "EdsonEstevam"]
[Result "0-1"]
[WhiteElo "1721"]
[BlackElo "1742"]

1. c4 e5 2. Nc3 Bc5 3. Nf3 d6 4. e3 Nf6 5. d4 exd4 6. exd4 Bb4 7. Qc2 O-O 8. Be3
Re8 9. a3 Bxc3+ 10. Qxc3 b6 11. Be2 Bb7 12. O-O Nbd7 13. Rfe1 Ne4 14. Qc2 h6 15.
Nd2 Ndf6 16. Nxe4 Bxe4 17. Bd3 c6 18. Bxe4 Nxe4 19. Re2 d5 20. cxd5 cxd5 21.
Rae1 Rc8 22. Qb1 Re6 23. f3 Nf6 24. Bd2 a5 25. Rxe6 Rc4 0-1